[Event "URS-chT"]
[Site "Azov"]
[Date "1991.??.??"]
[Round "?"]
[White "Serper, Grigory"]
[Black "Ibragimov, Ildar"]
[Result "1-0"]
[WhiteElo "2490"]
[BlackElo "2485"]

1.c4 f5 2.g3 Nf6 3.Bg2 g6 4.Nc3 Bg7 5.d3 Nc6 6.e4 d6 7.Nge2 O-O 8.O-O e5
9.Nd5 Be6 10.Bg5 Qd7 11.Rc1 Nh5 12.Qd2 Rf7 13.b4 Raf8 14.b5 Nd8 15.exf5 Bxf5
16.d4 Ne6 17.Be3 Bg4 18.Ndc3 Nef4 19.Bxb7 Nh3+ 20.Kg2 N3f4+ 21.Kg1 Nh3+ 22.Kg2 N5f4+
23.Bxf4 exf4 24.f3 Bh6 25.Bd5 Kg7 26.Bxf7 fxg3 27.Qd1 Rxf7 28.hxg3 Bh5 29.Rc2 Ng5
30.Ng1 Bxf3+ 31.Rxf3 Nxf3 32.Nxf3 Qg4 33.Nd5 Qe4 34.Rf2 Bg5 35.Qe2  1-0

[Event "URS-chT"]
[Site "Azov"]
[Date "1991.??.??"]
[Round "?"]
[White "Dydyshko, Viacheslav"]
[Black "Ibragimov, Ildar"]
[Result "1/2-1/2"]
[WhiteElo "2500"]
[BlackElo "2485"]

1.d4 f5 2.Nf3 Nf6 3.g3 g6 4.Bg2 Bg7 5.O-O O-O 6.Nbd2 d6 7.Re1 Ne4 8.Nxe4 fxe4
9.Ng5 d5 10.f3 h6 11.Nh3 Nc6 12.c3 e5 13.dxe5 Nxe5 14.fxe4 c6 15.exd5 Qb6+
16.Kh1 cxd5 17.Qxd5+ Be6 18.Qd4 Qa5 19.Nf4 Bf7 20.Qg1 Rad8 21.Be3 Nc4 22.Bd4 Nxb2
23.Reb1 Bxd4 24.cxd4 Qd2 25.d5 Rfe8 26.a4 Nc4 27.Qxa7 g5 28.Rxb7 Nd6 29.Rxf7 Nxf7
30.Nh5 Rxe2 31.Rf1 Rf8 32.Qb6 Nh8 33.Rxf8+ Kxf8 34.Qxh6+ Ke7 35.Qf6+ Kd7
36.Bh3+ Kc7 37.Qc6+ Kb8 38.Qb6+ Ka8 39.Qa6+ Kb8 40.Qb6+ Ka8 41.Qd8+ Ka7 42.Qc7+ Ka8
43.Qc8+ Ka7 44.Qc5+ Kb8 45.Bf1 Rxh2+ 46.Kg1 Rxh5 47.Qd6+ Kb7 48.Qd7+ Kb6
49.Qc6+ Ka7 50.Qc7+ Ka8  1/2-1/2

[Event "Berliner Sommer"]
[Site "Berlin"]
[Date "1991.??.??"]
[Round "?"]
[White "Ibragimov, Ildar"]
[Black "Barkovsky, E."]
[Result "0-1"]
[WhiteElo "2455"]
[BlackElo "2285"]

1.d4 Nf6 2.c4 c5 3.d5 b5 4.cxb5 a6 5.b6 d6 6.Nc3 Nbd7 7.e4 Nxb6 8.a4 Rb8
9.Nf3 g6 10.Bd3 Bg7 11.O-O O-O 12.h3 Re8 13.Re1 Qc7 14.Bf1 Bb7 15.Bf4 Rbd8
16.Qc2 e6 17.dxe6 Rxe6 18.Rad1 h6 19.a5 Nc8 20.Bc4 Ree8 21.e5 Nh5 22.Bxh6 d5
23.Rxd5 Bxd5 24.Nxd5 Qc6 25.Nf6+ Kf8 26.Bxg7+ Kxg7 27.Nxe8+ Rxe8 28.Qe4 Qa4
29.Qd5 Re6 30.Ng5 Re7 31.Qxc5 Qc2 32.Qxc8 Rxe5 33.Rxe5 Qc1+ 34.Re1 Qxe1+
35.Bf1  0-1

[Event "URS-ch U26"]
[Site "Kherson"]
[Date "1991.??.??"]
[Round "?"]
[White "Ibragimov, Ildar"]
[Black "Aleksandrov, Aleksej"]
[Result "0-1"]
[WhiteElo "2455"]
[BlackElo "2370"]

1.d4 Nf6 2.c4 e6 3.Nc3 Bb4 4.e3 O-O 5.Bd3 c5 6.Nf3 d5 7.O-O Nc6 8.a3 Bxc3
9.bxc3 Qc7 10.Bb2 dxc4 11.Bxc4 e5 12.Be2 Rd8 13.Qc2 Bg4 14.dxe5 Nxe5 15.c4 Nxf3+
16.gxf3 Bh3 17.Rfd1 Qc6 18.Qc3 Ne8 19.Kh1 f6 20.e4 Be6 21.Qe3 Bf7 22.Rg1 Rd7
23.Rg2 Bg6 24.Rag1 Rad8 25.Bc3 b6 26.h4 Qe6 27.Rh2 Bh5 28.Rg3 Nd6 29.Rhg2 Kh8
30.Kh2 Rf8 31.Ba1 Re8 32.Bf1 Nb7 33.Rg1 Rde7 34.Bh3 Qd6 35.Kh1 Na5 36.Qc3 Nc6
37.Qe3 Ne5 38.Bxe5 Qxe5 39.Rd1 Bf7 40.Bf1 h6 41.Bh3 Bxc4 42.Bf5 Bg8 43.Bg6 Bf7
44.Bf5 Be6 45.Bg6 Bf7 46.Bf5 Bg8 47.Bg6 Rf8 48.f4 Qc7 49.Re1 b5 50.e5 a5
51.Bb1 b4 52.axb4 axb4 53.Qe4 fxe5 54.fxe5 Qb7 55.Qxb7 Rxb7 56.Kg1 c4 57.e6 Re7
58.Rg4 Rxe6  0-1

[Event "URS-ch U26"]
[Site "Kherson"]
[Date "1991.??.??"]
[Round "?"]
[White "Ibragimov, Ildar"]
[Black "Kruppa, Yuri"]
[Result "1/2-1/2"]
[WhiteElo "2455"]
[BlackElo "2480"]

1.d4 Nf6 2.c4 g6 3.Nc3 Bg7 4.e4 d6 5.Nf3 O-O 6.h3 e5 7.d5 Na6 8.Be3 Nh5 9.Nh2 Qe8
10.Be2 f5 11.exf5 Nf4 12.O-O Bxf5 13.Re1 Qf7 14.a3 Nc5 15.Bxc5 dxc5 16.Bf3 e4
17.Nxe4 Bxb2 18.Rb1 Qg7 19.Qd2 Be5 20.Rxb7 Bxe4 21.Rxe4 Nxh3+ 22.Kh1 Bf4
23.Qb2 Qxb2 24.Rxb2 Ng5 25.Ree2 Bd6 26.Bg4 Rf4 27.g3 Rxc4 28.f4 Ne4 29.Kg2 Nf6
30.Be6+ Kg7 31.Nf3 Rc3 32.a4 Ra3 33.Ra2 Rxa2 34.Rxa2 Rb8 35.Ne5 Rb3 36.Nc4 Nh5
37.Ra3 Rb4 38.Ne5 Rb2+ 39.Kf3 Nf6 40.a5 c4 41.Re3 Rc2 42.g4 Rc1 43.g5 Nh5
44.f5 gxf5 45.Bxf5 Bc5 46.Re4 c3 47.Kg4 c2 48.Nd3 Rf1 49.Rc4 Bd6 50.Rxc2 Nf4
51.Be4 Nxd3 52.Bxd3 Rf4+ 53.Kh5 Rd4 54.Bf5 Bg3 55.Bg4 Rxd5 56.Re2 h6 57.Re7+ Kf8
58.Re4 Kg7 59.Re7+ Kf8 60.Re4 hxg5 61.Kg6 Bf4 62.Bh5 Rd6+ 63.Kf5 Kg7 64.Re7+ Kh6
65.Bf3 Rg6 66.Bd5 Bd6 67.Re8 Kh7 68.Kg4 Kg7 69.Be4 Rf6 70.Kxg5  1/2-1/2

[Event "URS-ch U26"]
[Site "Kherson"]
[Date "1991.??.??"]
[Round "?"]
[White "Sorokin, Maxim"]
[Black "Ibragimov, Ildar"]
[Result "1/2-1/2"]
[WhiteElo "2500"]
[BlackElo "2455"]

1.e4 e5 2.Nf3 Nc6 3.Bb5 a6 4.Bxc6 dxc6 5.Nc3 f6 6.d4 exd4 7.Nxd4 c5 8.Nde2 Qxd1+
9.Nxd1 Be6 10.Ne3 O-O-O 11.b3 Ne7 12.Bb2 Nc6 13.c4 Nb4 14.Nf4 Bf7 15.Ke2 Bd6
16.Nfd5 Nxd5 17.cxd5 Rhe8 18.f3 Bf4 19.Bc1 Bxe3 20.Bxe3 f5 21.Rhc1 fxe4 22.Rxc5 exf3+
23.gxf3 Bxd5 24.Rg1 Rd7 25.Rg5 c6 26.Rc3 b6 27.b4 Kb7 28.a4 g6 29.a5 bxa5
30.bxa5 Rf7 31.Rg3 Rf4 32.Rh3 Bg8 33.Kd2 Ra4 34.Bb6 Ra2+ 35.Rc2 Rxc2+ 36.Kxc2 c5
37.f4 Kc6 38.Kd2 Re4 39.Re3 Rd4+ 40.Ke1 Kb5 41.Re5 Rd5 42.Rxd5 Bxd5 43.Kd2 Kb4
44.Kd3 Be6 45.Kd2 Bf5 46.Bd8 c4 47.Bb6 c3+ 48.Kc1 Kc4 49.Bd8 Kd3 50.Bf6 c2
51.Bg5 Ke2 52.h4 Ke3 53.Bh6 Kf3 54.Kd2 Kg3 55.Bg5 Kg4 56.Kc1 Kh5 57.Be7  1/2-1/2

[Event "URS-ch U26"]
[Site "Kherson"]
[Date "1991.??.??"]
[Round "?"]
[White "Sakaev, Konstantin"]
[Black "Ibragimov, Ildar"]
[Result "1/2-1/2"]
[WhiteElo "2450"]
[BlackElo "2455"]

1.d4 d5 2.c4 dxc4 3.Nf3 Nf6 4.Nc3 a6 5.e4 b5 6.e5 Nd5 7.a4 Nxc3 8.bxc3 Qd5
9.g3 Bb7 10.Bg2 Qd7 11.Ba3 g6 12.h4 Bg7 13.h5 O-O 14.Kf1 Bd5 15.hxg6 fxg6
16.Ng5 Bxg2+ 17.Kxg2 Qd5+ 18.Kg1 h6 19.Nh3 Nc6 20.Nf4 Rxf4 21.gxf4 Rf8 22.Rh4 h5
23.Qb1 Rf5 24.axb5 axb5 25.Bc5 Kh7 26.Qf1 Qf3 27.Qh3 Rxf4 28.Qxf3 Rxf3 29.Ra6 Nb8
30.Ra5 Rxc3 31.Rxb5 Nc6 32.Kg2 Rd3 33.Rb2 c3 34.Rc2 Bh6 35.Kf1 Kg7 36.Ke2 Rd2+
37.Rxd2 Bxd2 38.d5 Bg5 39.Rc4 Nxe5 40.Bd4 Bf6 41.Rxc7 Nf7 42.Bxc3 Bxc3 43.Rxc3 Nd6
44.Re3 Nf5 45.Re4 Kf6 46.Kf3 Kg5 47.Re1 Nh4+ 48.Ke4 Kf6 49.Rg1 Nf5  1/2-1/2

[Event "WchT U26"]
[Site "Maringa"]
[Date "1991.??.??"]
[Round "9"]
[White "Fishbein, Alexander"]
[Black "Ibragimov, Ildar"]
[Result "1/2-1/2"]
[WhiteElo "2465"]
[BlackElo "2455"]

1.e4 e5 2.Nf3 Nc6 3.Bb5 a6 4.Ba4 Nf6 5.O-O Be7 6.Re1 b5 7.Bb3 d6 8.c3 O-O
9.d4 Bg4 10.Be3 exd4 11.cxd4 d5 12.e5 Ne4 13.Nc3 Nxc3 14.bxc3 Qd7 15.Bc2 Nd8
16.Qd3 g6 17.Bh6 Re8 18.Qe3 Bxf3 19.Qxf3 Ne6 20.Rad1 c6 21.Qg4 Bf8 22.Bxf8 Nxf8
23.Qg3 Ne6 24.f4 Ng7 25.Rf1 f5 26.exf6 Nf5 27.Qg5 Kf7 28.Rde1 Rxe1 29.Rxe1 Re8
30.Re5 Nd6 31.f5 Ne4 32.Qh6 Kxf6 33.Bxe4 dxe4 34.Qh4+ Kg7 35.f6+ Kg8 36.Qxe4 Rxe5
37.dxe5 Qd1+ 38.Kf2 Qd2+ 39.Kf3 Qxc3+ 40.Kg4 Kf8 41.g3 a5 42.Kh3 Qc4 43.Qe3 Qf1+
44.Kh4 Qf5 45.g4 g5+ 46.Kg3 Qf1 47.h4 h6 48.hxg5 hxg5 49.Qxg5 Qg1+ 50.Kf3 Qf1+  1/2-1/2

[Event "Sao Paulo op"]
[Site "Sao Paulo"]
[Date "1991.??.??"]
[Round "6"]
[White "Ibragimov, Ildar"]
[Black "Sakaev, Konstantin"]
[Result "1/2-1/2"]
[WhiteElo "2455"]
[BlackElo "2450"]

1.c4 e5 2.Nc3 d6 3.Nf3 f5 4.d4 e4 5.Bg5 Be7 6.Bxe7 Qxe7 7.Ng1 Nf6 8.e3 O-O
9.Nh3 c6 10.Nf4 Na6 11.h4 Nc7 12.d5 c5 13.a3 Qe5 14.Rb1 Bd7 15.Qd2 a5 16.Be2 Rfb8  1/2-1/2

[Event "Sao Paulo op"]
[Site "Sao Paulo"]
[Date "1991.??.??"]
[Round "10"]
[White "Ibragimov, Ildar"]
[Black "Rubinetti, Jorge A"]
[Result "1-0"]
[WhiteElo "2455"]
[BlackElo "2440"]

1.d4 Nf6 2.c4 e6 3.Nc3 Bb4 4.e3 O-O 5.Bd3 d5 6.Nf3 c5 7.O-O Nc6 8.a3 Bxc3
9.bxc3 Qc7 10.h3 dxc4 11.Bxc4 e5 12.Ba2 e4 13.Nh2 Ne7 14.Qe2 Bd7 15.c4 Nf5
16.Bb2 Ne8 17.Rfd1 Be6 18.Nf1 Ned6 19.Nd2 Rfe8 20.a4 Rac8 21.d5 Bd7 22.Bb1 f6
23.Bc3 a5 24.Bc2 b6 25.Re1 Re7 26.Ra2 Qd8 27.Rb2 Ra8 28.Qd1 Ra6 29.Qb1 Nh4
30.Nxe4 Rxe4 31.Bxe4 f5 32.Bd3 Qg5 33.f4 Qg3 34.Kh1 Ra8 35.Ree2 Qg6 36.Rxb6 Re8
37.Qe1 Rxe3 38.Qxh4  1-0

[Event "Smolensk"]
[Site "Smolensk"]
[Date "1991.??.??"]
[Round "?"]
[White "Ibragimov, Ildar"]
[Black "Beshukov, Sergei"]
[Result "1-0"]
[WhiteElo "2455"]
[BlackElo "2305"]

1.c4 f5 2.d4 Nf6 3.Nc3 g6 4.g3 Bg7 5.Bg2 O-O 6.Nf3 d6 7.O-O c6 8.d5 e5 9.dxe6 Bxe6
10.b3 Ne4 11.Nxe4 Bxa1 12.Qxd6 Qxd6 13.Nxd6 b6 14.Bg5 Bc3 15.Be7 Na6 16.Ng5 Bd7
17.Bxf8 Rxf8 18.Rd1 Bf6 19.f4 Nb4 20.Nde4 fxe4 21.Rxd7 Rd8 22.Rxd8+ Bxd8
23.a3 Nc2 24.Ne6 Be7 25.Bxe4 Nxa3 26.Bxc6 Nb1 27.Bd5 Nd2 28.c5 bxc5 29.Nxc5+ Kg7
30.Ne6+ Kf6 31.Kg2 Nb1 32.e4 Nc3 33.e5+ Kf7 34.Bc4 Bb4 35.g4 Nd1 36.Kf3 Bc3
37.Nd4+ Kg7 38.Nb5  1-0

[Event "Smolensk"]
[Site "Smolensk"]
[Date "1991.??.??"]
[Round "?"]
[White "Ruban, Vadim"]
[Black "Ibragimov, Ildar"]
[Result "0-1"]
[WhiteElo "2570"]
[BlackElo "2455"]

1.d4 d5 2.c4 dxc4 3.Nf3 Nf6 4.e3 e6 5.Bxc4 c5 6.Qe2 a6 7.dxc5 Bxc5 8.O-O Qc7
9.a3 b5 10.Bd3 Bb7 11.b4 Bd6 12.Bb2 Nbd7 13.Nbd2 O-O 14.Rac1 Qb8 15.h3 Ne5
16.Nxe5 Bxe5 17.Nb3 Rd8 18.Rfd1 Bd5 19.Na5 h6 20.Bb1 Bxb2 21.Qxb2 Qb6 22.Qc3 Be4
23.Bxe4 Nxe4 24.Qe5 Nf6 25.Kh2 Rxd1 26.Rxd1 Rd8 27.Rc1 Rd2 28.Rc6 Qd8 29.Nb7 Ng4+  0-1

[Event "URS-sf"]
[Site "Voronezh"]
[Date "1991.??.??"]
[Round "?"]
[White "Ibragimov, Ildar"]
[Black "Vekshenkov, Nikolai"]
[Result "1-0"]
[WhiteElo "2455"]
[BlackElo "2390"]

1.d4 Nf6 2.c4 e6 3.Nc3 Bb4 4.e3 c5 5.Bd3 Nc6 6.Nf3 d5 7.O-O O-O 8.a3 Bxc3
9.bxc3 Qc7 10.h3 dxc4 11.Bxc4 b6 12.Bd3 e5 13.Qc2 Bb7 14.e4 c4 15.Bxc4 exd4
16.Bd3 dxc3 17.Qxc3 Rac8 18.Bb2 Rfd8 19.Rad1 Qf4 20.Bb1 Re8 21.Qd2 Qxd2 22.Nxd2 Ne5
23.Rfe1 Rcd8 24.Nf1 Nc4 25.Bxf6 gxf6 26.Ng3 Nxa3 27.Nh5 Rf8 28.Nxf6+ Kg7
29.e5 Rxd1 30.Rxd1 Nxb1 31.Rxb1 Rc8 32.Re1 Kg6 33.g4 Kg5 34.Nxh7+ Kf4 35.Nf6  1-0

[Event "URS-sf"]
[Site "Voronezh"]
[Date "1991.??.??"]
[Round "?"]
[White "Ibragimov, Ildar"]
[Black "Skomorokhin, Roman"]
[Result "1-0"]
[WhiteElo "2455"]
[BlackElo "2310"]

1.d4 Nf6 2.c4 e6 3.Nc3 d5 4.Nf3 Bb4 5.e3 O-O 6.Bd3 c5 7.O-O Nc6 8.a3 Bxc3
9.bxc3 Qc7 10.h3 Rd8 11.cxd5 exd5 12.Qe2 Re8 13.dxc5 Ne5 14.Nxe5 Rxe5 15.Bb2 Bf5
16.c4 Bxd3 17.Qxd3 Ree8 18.cxd5 Qxc5 19.Bxf6 gxf6 20.Rab1 Rad8 21.Rfd1 Re5
22.e4 Qe7 23.d6 Qd7 24.Rbc1 Re6 25.Rc7 Qxd6 26.Qg3+  1-0

[Event "URS-sf"]
[Site "Voronezh"]
[Date "1991.??.??"]
[Round "?"]
[White "Zarubin, Pavel"]
[Black "Ibragimov, Ildar"]
[Result "1/2-1/2"]
[WhiteElo "2420"]
[BlackElo "2455"]

1.d4 f5 2.Nc3 Nf6 3.Bg5 d5 4.Bxf6 exf6 5.e3 c6 6.Bd3 Qb6 7.a3 Be6 8.Nh3 Bd6
9.O-O g6 10.Qf3 Nd7 11.Nf4 Bf7 12.h3 O-O 13.h4 Ne5 14.Qh3 Nc4 15.Nce2 Nd2
16.Rfd1 Ne4 17.f3 Rae8 18.c3 Bxf4 19.exf4 Nd6 20.Rd2 Re3 21.Qg3 Rfe8 22.Qe1 Nc4
23.Bxc4 dxc4 24.Qf2 Bd5 25.Ng3 R3e7 26.Nf1 Qc7 27.Qg3 Re6 28.Rad1 a5 29.h5 Kg7
30.Qh4 b5 31.Ng3 Qe7 32.Rf1 b4 33.axb4 axb4 34.cxb4 Qxb4 35.Rff2 Re1+ 36.Kh2 Rb1
37.Rfe2 Rxe2 38.Rxe2 Rxb2 39.Re8 Bxf3 40.hxg6 Rxg2+ 41.Kh3 h6 42.Re6 Qf8
43.Nh5+ Bxh5 44.Kxg2 Kxg6 45.Qg3+ Bg4 46.Qe3 Qd8 47.Qe5 c3 48.Qc5 c2 49.Rxc6 c1=R
50.Qxc1 Qd5+ 51.Kh2 Qxd4 52.Rc2  1/2-1/2

[Event "Warsaw Legion op"]
[Site "Warsaw"]
[Date "1991.??.??"]
[Round "1"]
[White "Ibragimov, Ildar"]
[Black "Lissowska, Anna"]
[Result "1-0"]
[WhiteElo "2455"]
[BlackElo "2195"]

1.d4 d5 2.c4 c6 3.Nf3 Nf6 4.Nc3 dxc4 5.a4 Bg4 6.Ne5 Bh5 7.h3 e6 8.g4 Bg6
9.Bg2 Nbd7 10.Nxc4 Bb4 11.O-O O-O 12.a5 Nd5 13.Qb3 Be7 14.Qxb7 Nb4 15.Bf4 Nf6
16.Rad1 Nfd5 17.Bh2 Bc2 18.Rc1 Bg6 19.e4 Nf6 20.Rfd1 Ne8 21.Na4 Bg5 22.Qxb4 Bxc1
23.Rxc1 Qxd4 24.Nc5 Nf6 25.Be5 Qd8 26.Bc3  1-0

[Event "Warsaw Legion op"]
[Site "Warsaw"]
[Date "1991.??.??"]
[Round "11"]
[White "Ibragimov, Ildar"]
[Black "Bugajski, Robert"]
[Result "1-0"]
[WhiteElo "2455"]
[BlackElo "2340"]

1.b3 e5 2.Bb2 d6 3.c4 g6 4.g3 Bg7 5.Bg2 Ne7 6.e3 O-O 7.d3 d5 8.cxd5 Nxd5
9.a3 Nc6 10.Nd2 Nde7 11.Qc2 Be6 12.Ngf3 Qd7 13.b4 a6 14.Ng5 Bd5 15.e4 Be6
16.Nxe6 Qxe6 17.O-O Rad8 18.Nb3 b6 19.Bc3 Rd7 20.Rfd1 Rfd8 21.a4 Qd6 22.Bh3 f5
23.Be1 Qf6 24.b5 axb5 25.axb5 Nb8 26.Bc3 c5 27.Nd2 Rxd3 28.exf5 Nxf5 29.Ne4 Rxd1+
30.Rxd1 Qe7 31.Qa2+ Kh8 32.Rxd8+ Qxd8 33.Qe6 Nd4 34.Bxd4 exd4 35.Nd6 Qf8
36.Bf1 Bf6 37.Bc4 Kg7 38.Ne8+  1-0

[Event "Bern op"]
[Site "Bern"]
[Date "1992.??.??"]
[Round "3"]
[White "Ibragimov, Ildar"]
[Black "Gulko, Boris F"]
[Result "1/2-1/2"]
[WhiteElo "2515"]
[BlackElo "2560"]

1.e4 c5 2.g3 g6 3.Bg2 Bg7 4.d3 Nc6 5.f4 d6 6.Nf3 e5 7.O-O exf4 8.gxf4 Nge7
9.c3 O-O 10.Be3 b6 11.d4 cxd4 12.Nxd4 Bb7 13.Na3 Qd7 14.Rf2 Rad8 15.Nab5 Ne5
16.f5 gxf5 17.Nxf5 Nxf5 18.exf5 Bxg2 19.Rxg2 Qxb5 20.f6 Ng6 21.fxg7 Rfe8
22.Bg5 Rc8 23.Qxd6 Rc5 24.Bh6 Rcc8 25.Rf1 Rcd8 26.Qf6 Rd7 27.b3 Qc5+ 28.Kh1 Qd5
29.c4 Qe4 30.Kg1 Re6 31.Qg5 Nh4 32.Rg3 Qd4+ 33.Kh1 Qe4+ 34.Kg1 Qd4+ 35.Kh1  1/2-1/2

[Event "Bern op"]
[Site "Bern"]
[Date "1992.??.??"]
[Round "4"]
[White "Fioramonti, Hung"]
[Black "Ibragimov, Ildar"]
[Result "1/2-1/2"]
[WhiteElo "2305"]
[BlackElo "2515"]

1.Nf3 d6 2.d4 g6 3.c4 Bg7 4.Nc3 e5 5.dxe5 dxe5 6.Qxd8+ Kxd8 7.Bg5+ f6 8.O-O-O+ Bd7
9.Bh4 Kc8 10.e3 Na6 11.Be2 h5 12.h3 g5 13.Bg3 Ne7 14.Nd2 Nc5 15.Nde4 Nxe4
16.Nxe4 Bc6 17.f3 Nf5 18.Bf2 Bxe4 19.fxe4 Nd6 20.Bd3 b6 21.b3 Bf8 22.Bc2 Be7
23.Rd5 c6 24.Rd2 Kc7 25.Rhd1 a5 26.Re2 Nb7 27.Kb2 Rhd8 28.Red2 Rxd2 29.Rxd2 a4
30.Rd1 axb3 31.axb3 Bb4 32.Rf1 Kd7 33.Rd1+ Ke7 34.Rf1 Nc5 35.Rd1 Kf7 36.Bb1 Rg8
37.g3 g4 38.h4 Ke7 39.Bc2 Ra8 40.Bb1 Rf8 41.Bc2 f5 42.exf5 e4 43.Be1 Bxe1
44.Rxe1 Rxf5 45.Kc3 Rf3 46.b4 Nd3 47.Bxd3 exd3 48.Rg1 Rxe3 49.Kd2 Rf3 50.Re1+ Kd6
51.Re3 Rf1 52.Kxd3 b5 53.cxb5 cxb5 54.Ke4 Rb1 55.Kf5 Rxb4 56.Kg5 Rc4 57.Kxh5 b4
58.Rb3 Kc5 59.Rb1 Rd4 60.Kg5 Kc4 61.h5 b3 62.h6 Kc3 63.h7 Rd8 64.Kxg4 Rh8
65.Kf5 Rxh7 66.g4 Kc2 67.Rxb3 Kxb3 68.g5 Kc4 69.g6 Rh1  1/2-1/2

[Event "Budapest GM"]
[Site "Budapest"]
[Date "1992.??.??"]
[Round "?"]
[White "Leko, Peter"]
[Black "Ibragimov, Ildar"]
[Result "1-0"]
[WhiteElo "2385"]
[BlackElo "2515"]

1.e4 e5 2.Nf3 Nc6 3.Bb5 a6 4.Ba4 Nf6 5.O-O Be7 6.Re1 b5 7.Bb3 d6 8.c3 O-O
9.h3 Na5 10.Bc2 Bb7 11.d4 c5 12.Nbd2 cxd4 13.cxd4 exd4 14.Nxd4 Re8 15.Nf1 g6
16.Ng3 Bf8 17.b3 Bg7 18.Bf4 Rc8 19.Qd2 d5 20.e5 Nd7 21.Bg5 Qb6 22.Be3 Rxe5
23.Ndf5 Rxe3 24.fxe3 gxf5 25.Nxf5 Bf8 26.Qd3 Nf6 27.Rf1 Ne4 28.Qe2 Rc6 29.Bxe4 dxe4
30.Rad1 Rg6 31.Rd7 Nc6 32.Qh5 Ne5 33.Ne7+ Bxe7 34.Qxe5 Qxe3+ 35.Kh1 Qe2 36.Rd8+ Bf8
37.Rxf8+ Kxf8 38.Qb8+ Kg7 39.Qe5+ Kg8 40.Qe8+ Kg7 41.Rxf7+ Kh6 42.Qf8+ Kh5
43.Rxh7+ Kg5 44.Qc5+ Kf6 45.Qe7+  1-0

[Event "Budapest GM"]
[Site "Budapest"]
[Date "1992.??.??"]
[Round "?"]
[White "Tunik, Gennady"]
[Black "Ibragimov, Ildar"]
[Result "0-1"]
[WhiteElo "2450"]
[BlackElo "2515"]

1.d4 Nf6 2.c4 g6 3.Nc3 Bg7 4.e4 d6 5.Bd3 O-O 6.Nge2 c5 7.d5 e6 8.O-O exd5
9.cxd5 Na6 10.h3 Rb8 11.a3 Re8 12.Ng3 Nc7 13.Bd2 b5 14.b4 Nd7 15.f4 a5 16.e5 axb4
17.axb4 cxb4 18.Nce4 dxe5 19.Nd6 Nxd5 20.Nxe8 Qxe8 21.f5 Nc5 22.Qe2 Nxd3
23.Qxd3 Bb7 24.Rac1 Rd8 25.Qe4 Qe7 26.Rf2 Nf4 27.Qxb4 Qxb4 28.Bxb4 Nd3 29.Rd1 Rd4
30.f6 Nxf2 31.Rxd4 exd4 32.fxg7 Nd3 33.Ba5 b4 34.Nf1 b3 35.Nd2 b2 36.Bb6 Nc1
37.Kf2 Nb3  0-1

[Event "Budapest GM"]
[Site "Budapest"]
[Date "1992.??.??"]
[Round "?"]
[White "Ibragimov, Ildar"]
[Black "Yilmaz, Turham"]
[Result "1-0"]
[WhiteElo "2515"]
[BlackElo "2390"]

1.e4 e5 2.Nf3 Nc6 3.Bc4 Nf6 4.d3 Be7 5.O-O O-O 6.Bb3 d6 7.c3 h6 8.Re1 Nh7
9.Be3 Ng5 10.Nbd2 Kh7 11.d4 Nxf3+ 12.Nxf3 f5 13.exf5 e4 14.Nd2 Bxf5 15.Bd5 Na5
16.Qc2 Kh8 17.Bxe4 Bxe4 18.Qxe4 d5 19.Qg4 Bd6 20.Re2 b5 21.b3 Nc6 22.Nf3 Qf6
23.Rae1 Rae8 24.Bd2 Qf7 25.h4 a5 26.Rxe8 Rxe8 27.Rxe8+ Qxe8 28.Bf4 b4 29.cxb4 Nxb4
30.Be5 Bxe5 31.dxe5 c5 32.e6 Nc6 33.Qf5 d4 34.Qf7 Qd8 35.Qd7 Qxd7 36.exd7 Kg8
37.Ne5 Nd8 38.Kf1 Kf8 39.Ke2 Ke7 40.Kd3 Kd6 41.Ke4 Ke6 42.f4 h5 43.f5+ Kd6
44.a4 Nb7 45.Kf4 Ke7 46.Kg5 Nd6 47.Kg6 Kd8 48.Kxg7 Nxf5+ 49.Kf6 Nd6 50.Ke6 Nb7
51.Nd3 Kc7 52.Ke7 Kc6 53.d8=Q Nxd8 54.Kxd8 Kd5 55.Nb2  1-0

[Event "Budapest GM"]
[Site "Budapest"]
[Date "1992.??.??"]
[Round "?"]
[White "Ibragimov, Ildar"]
[Black "Hoffmann, Michael"]
[Result "1/2-1/2"]
[WhiteElo "2515"]
[BlackElo "2455"]

1.e4 c6 2.c4 d5 3.exd5 Nf6 4.Nc3 cxd5 5.d4 g6 6.cxd5 Nxd5 7.Bc4 Nxc3 8.Qb3 e6
9.bxc3 Nc6 10.Nf3 Na5 11.Bb5+ Bd7 12.Qa4 Nc6 13.O-O Bg7 14.d5 exd5 15.Ba3 Qc7
16.Rfe1+ Be6 17.Ng5 Qd7 18.Qg4 O-O-O 19.Nxe6 fxe6 20.Rxe6 Rhe8 21.Rae1 Kb8
22.h3 Rxe6 23.Rxe6 Re8 24.Rxg6 Re1+ 25.Kh2 Qc7+ 26.Bd6 Be5+ 27.Bxe5 Qxe5+
28.f4 Qe3 29.Rg7 Ne7 30.Rxh7 a6 31.Bd7 Qg1+ 32.Kg3 Qe3+ 33.Kh2 Qg1+ 34.Kg3 Qe3+
35.Kh4 Qxc3 36.Qg5 Qe3 37.g3 d4 38.Rh6 Qa3 39.Be6 d3 40.f5 Re4+ 41.g4 Qd6
42.Rh7 d2 43.Bb3 Nc6 44.Qg7 Na5 45.Qd7 Qf6+ 46.Kh5 Qc3 47.h4 Ka7 48.Bd1 Re1
49.Bf3 Rb1 50.Qd5 Rb5 51.Qe4 Rb4 52.Qd5 Rb5 53.Qe4 Rb4 54.Qe2 Qd4 55.g5 Nc6
56.Qh2 d1=Q 57.Bxd1 Qxd1+ 58.Kh6 Qd3 59.f6 Ne5 60.Qg1+ Rb6 61.g6 Qf3 62.f7 Qf4+
63.Kg7 Qf6+ 64.Kg8 Nxg6 65.Qc5 Ne7+ 66.Kf8 Ng6+ 67.Kg8 Qd8+ 68.Kg7  1/2-1/2

[Event "Budapest GM"]
[Site "Budapest"]
[Date "1992.??.??"]
[Round "?"]
[White "Horvath, Csaba"]
[Black "Ibragimov, Ildar"]
[Result "0-1"]
[WhiteElo "2485"]
[BlackElo "2515"]

1.d4 Nf6 2.c4 g6 3.Nc3 Bg7 4.e4 d6 5.f3 O-O 6.Be3 c5 7.dxc5 dxc5 8.e5 Nfd7
9.f4 f6 10.exf6 Rxf6 11.Nf3 Nc6 12.Ne4 Rf8 13.Be2 Qa5+ 14.Bd2 Qb6 15.O-O Nd4
16.Rb1 e5 17.Nxd4 exd4 18.Bd3 a5 19.Qf3 Ne5 20.fxe5 Rxf3 21.Rxf3 Bxe5 22.Rbf1 Bf5
23.g4 Bxe4 24.Bxe4 Bg7 25.Rb3 Qd6 26.Rxb7 Rf8 27.Bd5+ Kh8 28.Rxf8+ Bxf8 29.Rf7 g5
30.Bxg5 Bg7 31.Bf4 Qg6 32.h3 h5 33.g5 d3 34.Kf1 h4 35.Ke1 Qh5 36.Re7 Bxb2
37.Kd2 Bd4 38.Re1 Qg6 39.Re4 Qb6  0-1

[Event "Dortmund op-A"]
[Site "Dortmund"]
[Date "1992.??.??"]
[Round "1"]
[White "Ibragimov, Ildar"]
[Black "Hermesmann, Hans"]
[Result "1-0"]
[WhiteElo "2515"]
[BlackElo "2270"]

1.e4 c5 2.g3 Nc6 3.Bg2 g6 4.d3 Bg7 5.f4 d6 6.Nf3 Nh6 7.O-O f5 8.c3 O-O 9.exf5 gxf5
10.Re1 e6 11.Nbd2 Nf7 12.a4 Bd7 13.Nc4 Na5 14.Nxa5 Qxa5 15.d4 c4 16.d5 e5
17.Be3 e4 18.Nh4 Nh6 19.h3 Rae8 20.Bf1 Rc8 21.Ng2 a6 22.Kh2 Kh8 23.Bd4 Rf7
24.Ne3 Rg8 25.Nxc4 Qc7 26.Be2 Bxd4 27.Qxd4+ Rfg7 28.Rg1 b5 29.Ne3 bxa4 30.Rg2 Nf7
31.Bd1 Ne5 32.fxe5 dxe5 33.Qc4 Qb6 34.Qe2 f4 35.Nc4 Qh6 36.Qh5 fxg3+ 37.Kg1 Qxh5
38.Bxh5 Bxh3 39.Nxe5 Bxg2 40.Kxg2 Rb7 41.Nf7+ Kg7 42.Kxg3 Rxb2 43.Rxa4 Rd2
44.c4 e3 45.Rxa6 Re8 46.Ng5 Re5 47.Kf4 e2 48.Ne6+ Kh6 49.Bxe2  1-0

[Event "Dortmund op-A"]
[Site "Dortmund"]
[Date "1992.??.??"]
[Round "7"]
[White "Ibragimov, Ildar"]
[Black "Stohl, Igor"]
[Result "1/2-1/2"]
[WhiteElo "2515"]
[BlackElo "2560"]

1.b3 e5 2.Bb2 d6 3.g3 g6 4.d4 Nd7 5.Bg2 Bg7 6.c4 exd4 7.Bxd4 Ngf6 8.Nh3 O-O
9.O-O c6 10.Nf4 Nc5 11.Nc3 Bf5 12.f3 Ne6 13.Nxe6 Bxe6 14.Rc1 d5 15.cxd5 Nxd5
16.Bxg7 Kxg7 17.Qd4+ Qf6 18.Qxf6+ Kxf6 19.Ne4+ Ke7 20.Kf2 Rad8 21.a3 a5 22.Nc5 Bc8
23.f4 Nc7 24.Rfd1 Ne6 25.b4 axb4 26.axb4 Rxd1 27.Rxd1 Rd8 28.Rxd8 Kxd8 29.Ke3 Ke7
30.Nxe6 Bxe6 31.Kd4 Kd6 32.e4 b6 33.e5+ Kd7 34.Bf3  1/2-1/2

[Event "Dortmund op-A"]
[Site "Dortmund"]
[Date "1992.??.??"]
[Round "11"]
[White "Dolmatov, Sergey"]
[Black "Ibragimov, Ildar"]
[Result "1-0"]
[WhiteElo "2595"]
[BlackElo "2515"]

1.e4 e5 2.Nf3 Nc6 3.Bb5 a6 4.Ba4 Nf6 5.O-O Be7 6.Re1 b5 7.Bb3 d6 8.c3 O-O
9.h3 Re8 10.d4 Bb7 11.Nbd2 Bf8 12.d5 Ne7 13.Nf1 h6 14.N3h2 c6 15.Ng4 Nxg4
16.hxg4 cxd5 17.exd5 Nc8 18.Ng3 Nb6 19.Ne4 Rc8 20.g5 hxg5 21.Bxg5 Qd7 22.Qh5 f5
23.Be3 Nxd5 24.Ng5 g6 25.Qxg6+ Bg7 26.Rad1 Rc4 27.Bxc4 bxc4 28.f4 Re7 29.fxe5 f4
30.e6 Qc6 31.Bd4  1-0

[Event "Katowice op"]
[Site "Katowice"]
[Date "1992.??.??"]
[Round "1"]
[White "Blucha, Dalibor"]
[Black "Ibragimov, Ildar"]
[Result "0-1"]
[WhiteElo "2265"]
[BlackElo "2515"]

1.e4 Nc6 2.d4 e5 3.dxe5 Nxe5 4.Nc3 Bc5 5.Bf4 d6 6.Bxe5 dxe5 7.Qxd8+ Kxd8
8.Nf3 f6 9.Rd1+ Bd7 10.Bc4 Ne7 11.Be6 Bd6 12.Bxd7 Kxd7 13.Nb5 Rhc8 14.Ke2 Ke6
15.Rd3 a6 16.Nc3 b5 17.Rhd1 Rab8 18.Nd5 Rd8 19.Nd2 Nxd5 20.Rxd5 c6 21.Rd3 Be7
22.Nb3 Rxd3 23.Rxd3 c5 24.Rd5 Rc8 25.c4 bxc4 26.Na5 c3 27.b3 f5 28.Rd3 fxe4
29.Rxc3 Bg5 30.Nc4 Rd8 31.Ne3 Be7 32.h4 g6 33.g3 Rd4 34.Nc2 a5 35.Nxd4+ exd4
36.Rc4 Kd5 37.f3 Bd6 38.fxe4+ Kxe4 39.g4 Kf4 40.h5 g5 41.Ra4 Bc7 42.Rc4 Bd6
43.Rc1 Kxg4 44.h6 Kf5 45.Kd3 g4 46.Rf1+ Bf4 47.Rf2 g3 48.Re2 Kg4 49.Ke4 Be3
50.Rc2 Bf2  0-1

[Event "Katowice op"]
[Site "Katowice"]
[Date "1992.??.??"]
[Round "5"]
[White "Mnatsakanian, Eduard A"]
[Black "Ibragimov, Ildar"]
[Result "1/2-1/2"]
[WhiteElo "2415"]
[BlackElo "2515"]

1.e4 e5 2.Nf3 Nc6 3.Bb5 a6 4.Ba4 Nf6 5.d4 exd4 6.e5 Ne4 7.O-O Nc5 8.Bxc6 dxc6
9.Nxd4 Ne6 10.Nf5 Qxd1 11.Rxd1 Bd7 12.Be3 O-O-O 13.Nc3 h5 14.Nd4 Re8 15.Nxe6 Bxe6
16.Rd2 Bf5 17.Rad1 Bb4 18.Bf4 Rd8 19.Kf1 Bxc3 20.bxc3 Bxc2 21.Rxd8+ Rxd8
22.Rxd8+ Kxd8 23.Ke2 Kd7 24.Kd2 Bb1 25.a3 Ke6 26.h4 c5 27.g3 c6 28.c4 Ba2
29.Kc3 b5 30.Be3 Bxc4 31.Bxc5 Kxe5 32.Kb4 Kd5 33.Bf8 g6 34.Be7 Be2 35.Bd8 c5+
36.Kc3 Bg4 37.Ba5 Bf5 38.Bd8 Ke4 39.Bb6 Kd5 40.Bd8 Be6 41.Ba5 f6 42.Bd8 Bd7
43.Bxf6 a5 44.Bd8 b4+ 45.Kb2 a4 46.Bb6 Kc4 47.Ba7 Be6 48.Bb6 Kd5 49.Ba5 Ke4
50.axb4 c4 51.b5 Kd3 52.Ka3 c3 53.Bb6 c2 54.Be3 Ke2 55.b6 Bc8 56.Kxa4 Kd1
57.Kb4 c1=Q 58.Bxc1 Kxc1 59.Kc3 Kd1 60.Kd3 Ke1 61.Ke3 Kf1 62.f3 Kg2 63.Kf4  1/2-1/2